[Event "Bogota El Tablazo op"]
[Site "Bogota"]
[Date "2021.11.07"]
[Round "6"]
[White "Pinzon, Jairo David"]
[Black "Rodriguez Mayorga, Julian E"]
[Result "1/2-1/2"]
[WhiteElo "2238"]
[BlackElo "2018"]
[PlyCount "97"]
[EventDate "2021.11.04"]
[EventType "swiss"]
[EventRounds "7"]
[EventCountry "COL"]
[SourceTitle "CBM 205 Extra"]
[Source "ChessBase"]
[SourceDate "2022.01.31"]
[SourceVersion "1"]
[SourceVersionDate "2022.01.31"]
[SourceQuality "1"]

1. e4 e6 2. d4 d5 3. exd5 exd5 4. Bd3 Nc6 5. c3 Nf6 6. Qf3 Bg4 7. Qg3 Bd6 8. Bf4 Qe7+ 9. Ne2 0-0-0 10. Bxd6 Rxd6 11. f3 Bh5 12. Qf2 Bg6 13. Bxg6 hxg6 14. 0-0 g5 15. Nd2 Nh5 16. Rae1 Re6 17. g4 Re8 18. gxh5 Rxe2 19. Rxe2 Qxe2 20. Qxe2 Rxe2 21. Rf2 Re1+ 22. Rf1 Re2 23. Rf2 Re1+ 24. Rf1 Re8 25. f4 gxf4 26. Rxf4 Nd8 27. Kf2 Kd7 28. Nf1 Rh8 29. Ng3 f6 30. h4 Ne6 31. Rf5 c6 32. Kf3 b5 33. Kg4 b4 34. Rf2 a5 35. Nf5 Rb8 36. h6 g6 37. Ng7 f5+ 38. Nxf5 gxf5+ 39. Rxf5 bxc3 40. bxc3 Ke7 41. Kh5 Rh8 42. Rf2 a4 43. a3 Nd8 44. Kg6 Rg8+ 45. Kh5 Ne6 46. h7 Rh8 47. Kg6 Nf8+ 48. Rxf8 Rxf8 49. h5 1/2-1/2

[Event "Bogota El Tablazo op"]
[Site "Bogota"]
[Date "2021.11.07"]
[Round "7"]
[White "Rodriguez Mayorga, Julian E"]
[Black "Arandia la Rosa, Eduardo Jose"]
[Result "0-1"]
[WhiteElo "2018"]
[BlackElo "1939"]
[PlyCount "64"]
[EventDate "2021.11.04"]
[EventType "swiss"]
[EventRounds "7"]
[EventCountry "COL"]
[SourceTitle "CBM 205 Extra"]
[Source "ChessBase"]
[SourceDate "2022.01.31"]
[SourceVersion "1"]
[SourceVersionDate "2022.01.31"]
[SourceQuality "1"]

1. d4 d5 2. c4 c6 3. Nc3 Nf6 4. e3 e6 5. Nf3 Bb4 6. Bd3 0-0 7. 0-0 Bxc3 8. bxc3 Nbd7 9. a4 Re8 10. cxd5 exd5 11. c4 Nb6 12. c5 Nbd7 13. a5 Ne4 14. Nd2 f5 15. f3 Nxd2 16. Bxd2 Nf8 17. Qc2 Qf6 18. Ra4 Be6 19. e4 f4 20. Rb4 Re7 21. e5 Qf7 22. Qc1 g5 23. g3 fxg3 24. hxg3 Bh3 25. Rf2 Ne6 26. Bxg5 Qg7 27. Bh4 Rf7 28. Kh2 Bf5 29. Bxf5 Rxf5 30. Qb1 Rf7 31. f4 Raf8 32. Qd3 Qg4 0-1

[Event "Bogota El Tablazo Blitz op"]
[Site "Bogota"]
[Date "2021.11.07"]
[Round "7"]
[White "Rodriguez Mayorga, Julian E"]
[Black "Caceres Escobar, Pedro Luis"]
[Result "1-0"]
[WhiteElo "2050"]
[BlackElo "1952"]
[PlyCount "55"]
[EventDate "2021.11.07"]
[EventType "swiss"]
[EventRounds "14"]
[EventCountry "COL"]
[SourceTitle "CBM 205 Extra"]
[Source "ChessBase"]
[SourceDate "2022.01.31"]
[SourceVersion "1"]
[SourceVersionDate "2022.01.31"]
[SourceQuality "1"]

1. d4 e5 2. e4 exd4 3. Nf3 Nc6 4. Bc4 h6 5. 0-0 Bc5 6. c3 dxc3 7. Bxf7+ Kxf7 8. Qd5+ Kf8 9. Qxc5+ Qe7 10. Qxc3 Nf6 11. e5 Nd5 12. Qb3 Qe6 13. Re1 Nde7 14. Qc2 g6 15. Nc3 Kg7 16. b3 Rf8 17. Bb2 b6 18. Nb5 Nd5 19. Rad1 Nce7 20. Nbd4 Qg4 21. Re4 Nf4 22. Rxf4 Rxf4 23. e6 Kh7 24. Qxc7 h5 25. h3 Nd5 26. Qe5 Rxd4 27. Bxd4 Qxe6 28. Qg7# 1-0

[Event "Bogota El Tablazo Blitz op"]
[Site "Bogota"]
[Date "2021.11.07"]
[Round "1"]
[White "Rodriguez Mayorga, Julian E"]
[Black "Guerrero Ortega, Johan Nicolas"]
[Result "1-0"]
[WhiteElo "2050"]
[BlackElo "1332"]
[PlyCount "39"]
[EventDate "2021.11.07"]
[EventType "swiss"]
[EventRounds "14"]
[EventCountry "COL"]
[SourceTitle "CBM 205 Extra"]
[Source "ChessBase"]
[SourceDate "2022.01.31"]
[SourceVersion "1"]
[SourceVersionDate "2022.01.31"]
[SourceQuality "1"]

1. d4 d5 2. c4 Nf6 3. cxd5 Nxd5 4. e4 Nb6 5. Nf3 e6 6. Nc3 Bb4 7. Bd3 0-0 8. e5 c6 9. Bxh7+ Kh8 10. Ng5 g6 11. Qg4 f6 12. Bxg6 Kg7 13. Nh7 f5 14. Bxf5+ Kh8 15. Bg6 Bxc3+ 16. bxc3 Rg8 17. Qh5 Rxg6 18. Nf6+ Kg7 19. Qh7+ Kf8 20. Qxg6 1-0

[Event "Bogota El Tablazo op"]
[Site "Bogota"]
[Date "2021.11.06"]
[Round "4"]
[White "Ruiz Aguilar, Pablo Alexander"]
[Black "Rodriguez Mayorga, Julian E"]
[Result "1-0"]
[WhiteElo "2144"]
[BlackElo "2018"]
[PlyCount "122"]
[EventDate "2021.11.04"]
[EventType "swiss"]
[EventRounds "7"]
[EventCountry "COL"]
[SourceTitle "CBM 205 Extra"]
[Source "ChessBase"]
[SourceDate "2022.01.31"]
[SourceVersion "1"]
[SourceVersionDate "2022.01.31"]
[SourceQuality "1"]

1. e4 e6 2. d4 d5 3. Nd2 c5 4. exd5 exd5 5. Bb5+ Nc6 6. Qe2+ Be7 7. dxc5 Nf6 8. Ngf3 0-0 9. 0-0 Bxc5 10. Nb3 Re8 11. Qd1 Bb6 12. Bg5 Bg4 13. c3 Re5 14. Bh4 Rh5 15. Bg3 Ne4 16. Be2 Nxg3 17. hxg3 Qd6 18. Nfd4 Qh6 19. f4 Bxe2 20. Qxe2 g5 21. Rae1 gxf4 22. Qg4+ Rg5 23. Qxf4 Qg7 24. Rf3 Rg4 25. Qf5 Rxg3 26. Rxg3 Qxg3 27. Rf1 Qg6 28. Qd7 Rb8 29. Rf2 Nxd4 30. Nxd4 Qg7 31. Rf4 Rd8 32. Qe7 Rf8 33. Kf1 Bxd4 34. Rxd4 Kh8 35. Rxd5 Rg8 36. Rd2 Qg6 37. Kg1 Qb6+ 38. Rf2 Rd8 39. Qe5+ Kg8 40. Qg5+ Kf8 41. Qf4 Rd1+ 42. Kh2 Qd6 43. Qxd6+ Rxd6 44. Re2 b5 45. Kg3 f6 46. Kf4 Kf7 47. g3 a6 48. Rh2 Kg6 49. Rc2 h5 50. b3 f5 51. c4 bxc4 52. bxc4 Kf6 53. c5 Rd4+ 54. Ke3 Rd8 55. c6 Kg5 56. c7 Rc8 57. Kf3 a5 58. Rc6 a4 59. a3 h4 60. gxh4+ Kxh4 61. Kf4 Rh8 1-0

[Event "Bogota El Tablazo op"]
[Site "Bogota"]
[Date "2021.11.04"]
[Round "1"]
[White "Rodriguez Mayorga, Julian E"]
[Black "Montano Martinez, Laura Tatiana"]
[Result "1-0"]
[WhiteElo "2018"]
[BlackElo "1416"]
[PlyCount "51"]
[EventDate "2021.11.04"]
[EventType "swiss"]
[EventRounds "7"]
[EventCountry "COL"]
[SourceTitle "CBM 205 Extra"]
[Source "ChessBase"]
[SourceDate "2022.01.31"]
[SourceVersion "1"]
[SourceVersionDate "2022.01.31"]
[SourceQuality "1"]

1. d4 d5 2. c4 dxc4 3. Nf3 Nc6 4. e4 Nf6 5. Nc3 e6 6. Bxc4 Be7 7. Bd3 0-0 8. h4 Nxd4 9. e5 Ng4 10. Nxd4 Qxd4 11. Bxh7+ Kxh7 12. Qxd4 Nh6 13. g4 Rd8 14. Qe4+ Kg8 15. Bxh6 gxh6 16. g5 h5 17. g6 f5 18. exf6 Bxf6 19. Qf3 Kg7 20. Ne4 Rf8 21. Nxf6 Rxf6 22. Qxh5 Rf5 23. Qh7+ Kf8 24. g7+ Kf7 25. g8Q+ Kf6 26. Qhg7# 1-0

[Event "Sopo Region-ch"]
[Site "Sopo"]
[Date "2021.07.25"]
[Round "5"]
[White "Rodriguez Mayorga, Julian E"]
[Black "Paladines Pinzon, Samuel"]
[Result "1-0"]
[WhiteElo "2075"]
[BlackElo "1350"]
[PlyCount "55"]
[EventDate "2021.07.24"]
[EventType "swiss"]
[EventRounds "5"]
[EventCountry "COL"]
[SourceTitle "EXT 2022"]
[Source "ChessBase"]
[SourceDate "2021.10.06"]
[SourceVersion "1"]
[SourceVersionDate "2021.10.06"]
[SourceQuality "1"]

1. d4 c5 2. d5 d6 3. c4 e5 4. e4 f5 5. exf5 Bxf5 6. Nc3 Nf6 7. Nge2 Be7 8. Ng3 Bg6 9. h4 0-0 10. h5 Be8 11. Bd3 Na6 12. Qe2 Bd7 13. Bg5 Nc7 14. 0-0-0 a6 15. Qc2 h6 16. Bh4 Qc8 17. f3 b5 18. Bf5 Qd8 19. Bxd7 Qxd7 20. Nf5 Kh8 21. g4 Ng8 22. Ne4 Ne8 23. Rdg1 Bxh4 24. Nxh4 Ne7 25. g5 hxg5 26. Ng6+ Nxg6 27. hxg6+ Kg8 28. Rh8+ 1-0

[Event "Sopo Region-ch"]
[Site "Sopo"]
[Date "2021.07.24"]
[Round "3"]
[White "Rodriguez Mayorga, Julian E"]
[Black "Garcia, Juan Manuel"]
[Result "0-1"]
[WhiteElo "2075"]
[BlackElo "1817"]
[PlyCount "102"]
[EventDate "2021.07.24"]
[EventType "swiss"]
[EventRounds "5"]
[EventCountry "COL"]
[SourceTitle "EXT 2022"]
[Source "ChessBase"]
[SourceDate "2021.10.06"]
[SourceVersion "1"]
[SourceVersionDate "2021.10.06"]
[SourceQuality "1"]

1. d4 Nf6 2. c4 c5 3. d5 b5 4. a4 bxc4 5. Nc3 d6 6. e4 a5 7. Bxc4 g6 8. f4 Bg7 9. Bb5+ Nfd7 10. Nf3 0-0 11. 0-0 Ba6 12. Qe2 Nb6 13. Be3 Bxb5 14. axb5 N8d7 15. Bf2 Qc7 16. Rad1 Rab8 17. Bg3 Nc8 18. e5 Na7 19. e6 Nf6 20. exf7+ Kh8 21. Ng5 Qd7 22. f5 gxf5 23. Qc2 h6 24. Ne6 Rxf7 25. Qxf5 Rbf8 26. Qg6 Nxb5 27. Nxb5 Qxb5 28. Rf2 Qb3 29. Rdd2 Qe3 30. Rde2 Qc1+ 31. Rf1 Qc4 32. Nxf8 Rxf8 33. Rxe7 Rg8 34. Rxf6 Qd4+ 35. Kh1 Qxf6 36. Qxf6 Bxf6 37. Re6 Kg7 38. Bxd6 c4 39. Ba3 Kf7 40. Re4 Re8 41. Rxe8 Kxe8 42. g4 Kd7 43. Kg2 Be5 44. h4 Bd6 45. Kf3 c3 46. Ke2 cxb2 47. Bxb2 Be7 48. h5 Bg5 49. Kd3 Kd6 50. Kc4 Bd2 51. Kb5 Kxd5 0-1

[Event "Sopo Region-ch"]
[Site "Sopo"]
[Date "2021.07.24"]
[Round "1"]
[White "Rodriguez Mayorga, Julian E"]
[Black "Latorre, Franklin Leandro"]
[Result "1-0"]
[WhiteElo "2075"]
[BlackElo "1758"]
[PlyCount "72"]
[EventDate "2021.07.24"]
[EventType "swiss"]
[EventRounds "5"]
[EventCountry "COL"]
[SourceTitle "EXT 2022"]
[Source "ChessBase"]
[SourceDate "2021.10.06"]
[SourceVersion "1"]
[SourceVersionDate "2021.10.06"]
[SourceQuality "1"]

1. d4 d5 2. c4 c6 3. Nc3 e6 4. e4 dxe4 5. f3 Bb4 6. a3 Bxc3+ 7. bxc3 Nf6 8. fxe4 e5 9. Nf3 Bg4 10. Bd3 Nbd7 11. 0-0 c5 12. Qa4 cxd4 13. Nxe5 0-0 14. Nxd7 Nxd7 15. Qc2 Ne5 16. Bb2 Nxd3 17. Qxd3 Qb6 18. Rf2 dxc3 19. Qxc3 f6 20. Re1 Be6 21. c5 Qc7 22. e5 f5 23. Rd1 Rfd8 24. Rd6 Re8 25. Qd4 Rac8 26. Rc2 Qf7 27. Rc3 Rc6 28. a4 Rec8 29. Ba3 R6c7 30. h3 h6 31. Kh2 Re8 32. Rf3 Rc6 33. g4 g6 34. gxf5 Rxd6 35. exd6 Bxf5 36. Bb2 Kh7 1-0

[Event "COL-ch Amateur U2300"]
[Site "Bogota"]
[Date "2017.03.05"]
[Round "7"]
[White "Bejarano, Danny Andres"]
[Black "Rodriguez Mayorga, Julian E"]
[Result "1-0"]
[WhiteElo "2031"]
[BlackElo "2096"]
[PlyCount "59"]
[EventDate "2017.03.02"]
[EventType "swiss"]
[EventRounds "7"]
[EventCountry "COL"]
[SourceTitle "CBM 177 Extra"]
[Source "ChessBase"]
[SourceDate "2017.04.27"]
[SourceVersion "1"]
[SourceVersionDate "2017.04.27"]
[SourceQuality "1"]

1. e4 e6 2. d4 d5 3. Nd2 dxe4 4. Nxe4 Nd7 5. Nf3 Ngf6 6. Bg5 Be7 7. Nxf6+ Bxf6 8. Bxf6 Qxf6 9. Bd3 0-0 10. 0-0 e5 11. dxe5 Nxe5 12. Nxe5 Qxe5 13. c3 Be6 14. Re1 Qc5 15. Qa4 Rad8 16. Rad1 c6 17. Bxh7+ Kxh7 18. Qh4+ Kg6 19. Rxd8 Rxd8 20. Qxd8 Bxa2 21. Re3 Qd5 22. Rg3+ Kh7 23. Qh4+ Kg8 24. Qg4 g6 25. h4 Bb1 26. h5 Bf5 27. Qg5 Qd1+ 28. Kh2 Qd6 29. hxg6 Bxg6 30. f4 1-0

[Event "Sopo op"]
[Site "Sopo"]
[Date "2013.04.27"]
[Round "2"]
[White "Carranza, Jorge Federico"]
[Black "Rodriguez Mayorga, Julian E"]
[Result "0-1"]
[WhiteElo "1672"]
[BlackElo "2096"]
[PlyCount "48"]
[EventDate "2013.04.26"]
[EventType "swiss"]
[EventRounds "5"]
[EventCountry "COL"]
[SourceTitle "CBM 154 Extra"]
[Source "ChessBase"]
[SourceDate "2013.06.25"]
[SourceVersion "2"]
[SourceVersionDate "2013.06.25"]
[SourceQuality "1"]

1. d4 Nf6 2. c4 c5 3. Nf3 cxd4 4. Nxd4 e5 5. Nf3 Nc6 6. a3 d5 7. cxd5 Qxd5 8. Qxd5 Nxd5 9. e4 Nb6 10. Nc3 Be7 11. Bb5 f6 12. Bxc6+ bxc6 13. 0-0 Be6 14. b4 a5 15. bxa5 Rxa5 16. Nd1 0-0 17. Re1 Nc4 18. a4 Rfa8 19. Be3 Rxa4 20. Rxa4 Rxa4 21. h3 Nxe3 22. Rxe3 Ra1 23. Re1 Bb4 24. Rf1 Bc4 0-1

[Event "Bogota op 02"]
[Site "Bogota"]
[Date "2012.02.25"]
[Round "4"]
[White "Obando Guzman, Soren Federico"]
[Black "Rodriguez Mayorga, Julian E"]
[Result "0-1"]
[WhiteElo "1593"]
[BlackElo "2125"]
[PlyCount "60"]
[EventDate "2012.02.23"]
[EventType "swiss"]
[EventRounds "7"]
[EventCountry "COL"]
[SourceTitle "CBM 147 Extra"]
[Source "ChessBase"]
[SourceDate "2012.04.24"]
[SourceVersion "1"]
[SourceVersionDate "2012.04.24"]
[SourceQuality "1"]

1. e4 e6 2. d4 d5 3. exd5 exd5 4. c4 Nf6 5. Nc3 c6 6. Bg5 Bd6 7. Nf3 0-0 8. cxd5 cxd5 9. Be2 Be6 10. 0-0 Nc6 11. a3 h6 12. Bh4 Rc8 13. Rc1 Bf4 14. Rb1 Kh8 15. Bg3 Nh5 16. Re1 Nxg3 17. hxg3 Bd6 18. b4 Nxb4 19. Qb3 Nc6 20. Qxb7 Bxa3 21. Nb5 Be7 22. Nxa7 Nxa7 23. Qxa7 Bf5 24. Rb7 Ra8 25. Qb6 Qxb6 26. Rxb6 Bf6 27. Ra6 Rae8 28. Kf1 Re7 29. Bb5 Rb7 30. Bc6 Bd3+ 0-1

[Event "Bogota Mayores Distrital op 07"]
[Site "Bogota"]
[Date "2011.07.24"]
[Round "6"]
[White "Rodriguez Mayorga, Julian E"]
[Black "Ruiz, Alciguel"]
[Result "1-0"]
[WhiteElo "2081"]
[BlackElo "2199"]
[PlyCount "45"]
[EventDate "2011.07.20"]
[EventType "swiss"]
[EventRounds "7"]
[EventCountry "COL"]
[SourceTitle "EXT 2012"]
[Source "ChessBase"]
[SourceDate "2011.11.24"]
[SourceVersion "1"]
[SourceVersionDate "2011.11.24"]
[SourceQuality "1"]

1. d4 Nf6 2. c4 g6 3. Nc3 d5 4. Bg5 Ne4 5. Nxe4 dxe4 6. Qd2 Bg7 7. e3 c5 8. Ne2 Nc6 9. 0-0-0 Nb4 10. Nc3 Bg4 11. Re1 Qa5 12. a3 cxd4 13. exd4 Nc6 14. Nb5 Qxd2+ 15. Kxd2 0-0-0 16. d5 h6 17. Bh4 g5 18. Bg3 f5 19. h3 Bh5 20. Kc1 a6 21. Nc3 Nd4 22. Bh2 Rhe8 23. Kb1 1-0

[Event "Bogota Distrital op"]
[Site "Bogota"]
[Date "2011.02.06"]
[Round "6"]
[White "Rodriguez Mayorga, Julian E"]
[Black "Ramirez Daza, Diego"]
[Result "0-1"]
[WhiteElo "2058"]
[BlackElo "2183"]
[PlyCount "48"]
[EventDate "2011.02.03"]
[EventType "swiss"]
[EventRounds "7"]
[EventCountry "COL"]
[SourceTitle "CBM 140 Extra"]
[Source "ChessBase"]
[SourceDate "2011.03.01"]
[SourceVersion "1"]
[SourceVersionDate "2011.03.01"]
[SourceQuality "1"]

1. d4 Nf6 2. c4 g6 3. Nc3 Bg7 4. e4 d6 5. Nge2 0-0 6. f3 Nc6 7. Be3 a6 8. Qd2 Rb8 9. g4 b5 10. cxb5 axb5 11. h4 b4 12. Nd5 e5 13. Nxf6+ Bxf6 14. 0-0-0 exd4 15. Nxd4 Nxd4 16. Bxd4 Be6 17. Kb1 c5 18. Bxf6 Qxf6 19. h5 Ra8 20. b3 Bxb3 21. g5 Qxf3 22. Be2 Qxe4+ 23. Bd3 Qd4 24. hxg6 Bxa2+ 0-1

[Event "Bogota IRT op"]
[Site "Bogota"]
[Date "2009.05.02"]
[Round "7"]
[White "Beltran, Carlos Armando"]
[Black "Rodriguez Mayorga, Julian E"]
[Result "1-0"]
[WhiteElo "2265"]
[BlackElo "2068"]
[PlyCount "77"]
[EventDate "2009.04.30"]
[EventType "swiss"]
[EventRounds "9"]
[EventCountry "COL"]
[SourceTitle "CBM 130 Extra"]
[Source "ChessBase"]
[SourceDate "2009.07.02"]
[SourceVersion "2"]
[SourceVersionDate "2009.07.15"]
[SourceQuality "1"]

1. Nf3 Nf6 2. d4 g6 3. c4 c5 4. Nc3 cxd4 5. Nxd4 Nc6 6. Nc2 Bg7 7. e4 d6 8. Be2 0-0 9. Be3 Bd7 10. 0-0 Rc8 11. f3 a6 12. Qd2 Ne5 13. b3 Qc7 14. a4 Rfd8 15. a5 Qb8 16. Rac1 Be8 17. Bb6 Rd7 18. Nd5 e6 19. Nxf6+ Bxf6 20. f4 Nc6 21. f5 Bg7 22. fxe6 fxe6 23. Bg4 Re7 24. Nd4 Nxd4 25. Bxd4 Bxd4+ 26. Qxd4 Qc7 27. Rf6 Bd7 28. Rd1 Qxa5 29. Qxd6 Qc5+ 30. Rf2 Qxd6 31. Rxd6 Rc6 32. e5 Rxd6 33. exd6 Rf7 34. c5 a5 35. Rxf7 Kxf7 36. Bf3 Bc8 37. d7 Bxd7 38. Bxb7 e5 39. c6 1-0

[Event "Bogota op"]
[Site "Bogota"]
[Date "2008.06.07"]
[Round "4.3"]
[White "Santacruz Abadiano, Camilo"]
[Black "Rodriguez Mayorga, Julian E"]
[Result "0-1"]
[WhiteElo "1650"]
[BlackElo "2073"]
[PlyCount "76"]
[EventDate "2008.06.06"]
[EventType "swiss"]
[EventRounds "7"]
[EventCountry "COL"]
[SourceTitle "CBM 124 Extra"]
[Source "ChessBase"]
[SourceDate "2008.07.03"]
[SourceVersion "1"]
[SourceVersionDate "2008.07.03"]
[SourceQuality "1"]

1. e4 e6 2. d4 d5 3. Nc3 Nf6 4. e5 Nfd7 5. Nf3 c5 6. Be3 Nc6 7. Bb5 Qb6 8. Bxc6 bxc6 9. b3 cxd4 10. Na4 Qc7 11. Bxd4 c5 12. Bb2 Ba6 13. Ba3 Be7 14. Rc1 0-0 15. c4 dxc4 16. bxc4 Qa5+ 17. Nc3 Qxa3 18. 0-0 Rfd8 19. Qe2 Qa5 20. Rfd1 Qc7 21. Qb2 Rab8 22. Qc2 Bxc4 23. Qa4 Nb6 24. Rxd8+ Rxd8 25. Nb5 Nxa4 26. Nxc7 Rd7 27. Na8 Bd5 28. Rd1 Nc3 29. Rd3 Ne2+ 30. Kh1 Rb7 31. Nd2 Bxg2+ 32. Kxg2 Nf4+ 33. Kg3 Nxd3 34. Nc4 Bd8 35. Nd6 Rb8 36. Nc7 Bxc7 37. Nc4 Nxe5 38. Nxe5 Bxe5+ 0-1